The economics of agriculture / (Record no. 23312)
[ view plain ]
| 000 -LEADER | |
|---|---|
| fixed length control field | 00816nam a2200229 4500 |
| 005 - DATE AND TIME OF LATEST TRANSACTION | |
| control field | 19720619000000.0 |
| 008 - FIXED-LENGTH DATA ELEMENTS--GENERAL INFORMATION | |
| fixed length control field | 700904s1969 enka b 001 0 eng a |
| 010 ## - LCCN (DPL NO) | |
| LC control number | ENG-92921 |
| 020 ## - INTERNATIONAL STANDARD BOOK NUMBER | |
| Terms of availability | 75.00 |
| 035 ## - SYSTEM CONTROL NUMBER | |
| System control number | EN-76454 |
| 037 ## - SOURCE OF ACQUISITION | |
| Source of stock number/acquisition | DBAD / PUB |
| 040 ## - CATALOGING SOURCE | |
| Original cataloging agency | dpl |
| Language of cataloging | English |
| 082 ## - DEWEY DECIMAL CLASSIFICATION NUMBER | |
| Classification number | 338.1 |
| 100 ## - MAIN ENTRY--PERSONAL NAME | |
| Personal name | Balakrishnan, V. |
| 245 ## - TITLE STATEMENT | |
| Title | The economics of agriculture / |
| Statement of responsibility, etc | by V. Balakrishnan |
| 260 ## - PUBLICATION, DISTRIBUTION, ETC. (IMPRINT) | |
| Place of publication, distribution, etc | Periyakulam |
| Name of publisher, distributor, etc | ACCA Publications |
| Date of publication, distribution, etc | 2007 |
| 270 ## - ADDRESS | |
| Address | J.A. College Campus, |
| City | Periyakulam |
| Postal code | 625601 |
| 300 ## - PHYSICAL DESCRIPTION | |
| Extent | 132p. |
| Dimensions | 21cm (pbk) |
| 650 ## - SUBJECT ADDED ENTRY--TOPICAL TERM | |
| Topical term or geographic name as entry element | Agriculture |
| General subdivision | Economic aspects. |
| 942 ## - ADDED ENTRY ELEMENTS (KOHA) | |
| Source of classification or shelving scheme | Dewey Decimal Classification |
| Item type | English Books |
| Classification part | 338.1 |
| Call number suffix | BAL |
| Withdrawn status | Lost status | Source of classification or shelving scheme | Damaged status | Not for loan | Collection code | Home library | Current library | Date acquired | Source of acquisition | Cost, normal purchase price | Total Checkouts | Full call number | Barcode | Date last seen | Copy number | Cost, replacement price | Koha item type |
|---|---|---|---|---|---|---|---|---|---|---|---|---|---|---|---|---|---|
| Dewey Decimal Classification | Not For Loan | Non-fiction | D.B.Act.Division | D.B.Act.Division | 09/02/2009 | DBAD / PUB | 75.00 | 338.1 BAL | EN-76454 | 09/02/2009 | 1 | 75.00 | English Books |
